[Event "SV Erkenschwick 1 - Klub Kölner SF 1"]
[Site "Oberliga NRW 2018/2019"]
[Date "2018.12.09"]
[Round "4.8"]
[White "Jungbluth, Rolf"]
[Black "Graf, Peter"]
[Result "1-0"]
[WhiteElo "1954"]
[BlackElo "1953"]
[PlyCount "75"]
[EventDate "2018.??.??"]
[WhiteTeam "SV Erkenschwick 1"]
[BlackTeam "Klub Kölner SF 1"]

1. c4 c5 2. Nc3 Nc6 3. g3 g6 4. Bg2 Bg7 5. d3 e6 6. e4 d6 7. Nge2 Nge7 8. O-O
O-O 9. Be3 Nd4 10. Rb1 Nec6 11. Qd2 Qd7 12. f4 b6 13. a3 Bb7 14. b4 f5 15. Nc1
Rad8 16. Kh1 Ne7 17. Bg1 Bh6 18. N3e2 e5 19. bxc5 dxc5 20. Nxd4 cxd4 21. c5
fxe4 22. dxe4 exf4 23. gxf4 bxc5 24. Nd3 Rc8 25. Qa5 Qc7 26. Qxc7 Rxc7 27. Nxc5
Bc8 28. Bxd4 Rxf4 29. Rb8 Nc6 30. Ne6 Rxf1+ 31. Bxf1 Nxb8 32. Nxc7 Nc6 33. Bc4+
Kf8 34. Bc5+ Kg7 35. Ne8+ Kh8 36. Bd5 Ne5 37. Bd4 Bf4 38. Nd6 1-0

[Event "SV Wattenscheid 1 - SC Siegburg 1"]
[Site "Oberliga NRW 2018/2019"]
[Date "2018.12.09"]
[Round "4.1"]
[White "Jackelen, Thomas"]
[Black "Koscielski, Janusz"]
[Result "1-0"]
[WhiteElo "2372"]
[BlackElo "2281"]
[PlyCount "75"]
[EventDate "2018.??.??"]
[WhiteTeam "SC Siegburg 1"]
[BlackTeam "SV Wattenscheid 1"]

1. Nf3 Nf6 2. d4 g6 3. Bg5 Bg7 4. Nbd2 d5 5. e3 O-O 6. Be2 h6 7. Bh4 c6 8. c4
Nbd7 9. O-O g5 10. Bg3 Nh5 11. Be5 f6 12. Bg3 Nxg3 13. hxg3 Qb6 14. Qc2 e6 15.
Rab1 a5 16. b3 f5 17. a3 g4 18. Nh4 Nf6 19. Ng6 Re8 20. b4 axb4 21. axb4 Bd7
22. Ne5 Rec8 23. Nb3 Be8 24. Nc5 Bf7 25. b5 Qc7 26. bxc6 b6 27. Ncd7 Nxd7 28.
Nxd7 Rd8 29. Nxb6 Rab8 30. cxd5 Rxb6 31. Rxb6 Qxb6 32. Rb1 Qc7 33. Rb7 Qd6 34.
Ba6 Bf8 35. Rxf7 Kxf7 36. c7 Qxd5 37. Bc4 Qd6 38. Qxf5+ 1-0

[Event "SV Wattenscheid 1 - SC Siegburg 1"]
[Site "Oberliga NRW 2018/2019"]
[Date "2018.12.09"]
[Round "4.2"]
[White "Thiel, Thomas"]
[Black "Andreev, Eduard"]
[Result "1/2-1/2"]
[WhiteElo "2257"]
[BlackElo "2388"]
[PlyCount "42"]
[EventDate "2018.??.??"]
[WhiteTeam "SV Wattenscheid 1"]
[BlackTeam "SC Siegburg 1"]

1. e4 c5 2. Nc3 Nc6 3. Nge2 g6 4. d4 cxd4 5. Nxd4 Bg7 6. Be3 Nf6 7. Bc4 O-O 8.
Bb3 d6 9. f3 Bd7 10. Qd2 Na5 11. O-O-O Nxb3+ 12. cxb3 Qa5 13. Kb1 Rfc8 14. Bh6
Bxh6 15. Qxh6 b5 16. Nde2 Bc6 17. Qg5 Qc7 18. Rc1 Qb7 19. Nf4 b4 20. Ncd5 Bxd5
21. Nxd5 Nxd5 1/2-1/2

[Event "SV Wattenscheid 1 - SC Siegburg 1"]
[Site "Oberliga NRW 2018/2019"]
[Date "2018.12.09"]
[Round "4.3"]
[White "Arzumanian, Georgy"]
[Black "Schiffer, Kai-Uwe"]
[Result "1-0"]
[WhiteElo "2384"]
[BlackElo "2247"]
[PlyCount "35"]
[EventDate "2018.??.??"]
[WhiteTeam "SC Siegburg 1"]
[BlackTeam "SV Wattenscheid 1"]

1. Nf3 d5 2. d4 e6 3. Bf4 Bd6 4. Bg3 Qe7 5. Nbd2 Nd7 6. e4 dxe4 7. Nxe4 Bxg3 8.
hxg3 Ngf6 9. Nxf6+ Qxf6 10. Qd2 c5 11. O-O-O cxd4 12. Nxd4 O-O 13. g4 e5 14. g5
Qd6 15. Nf5 Qxd2+ 16. Rxd2 Nc5 17. Ne7+ Kh8 18. g6 1-0

[Event "SV Wattenscheid 1 - SC Siegburg 1"]
[Site "Oberliga NRW 2018/2019"]
[Date "2018.12.09"]
[Round "4.7"]
[White "Kolkin, Michail"]
[Black "Sandkamp, Ralph"]
[Result "1-0"]
[WhiteElo "2306"]
[BlackElo "2178"]
[PlyCount "67"]
[EventDate "2018.??.??"]
[WhiteTeam "SC Siegburg 1"]
[BlackTeam "SV Wattenscheid 1"]

1. Nf3 Nf6 2. g3 g6 3. b3 Bg7 4. Bb2 O-O 5. Bg2 d5 6. c4 c6 7. O-O Nbd7 8. d3
Re8 9. cxd5 cxd5 10. Nc3 a6 11. Rc1 e5 12. Nd2 Nf8 13. Na4 Bd7 14. Nc5 Bc6 15.
e4 N8d7 16. Nxd7 Qxd7 17. Nf3 d4 18. Nd2 h5 19. Nc4 Qd8 20. b4 Bh6 21. Rb1 Bb5
22. Qb3 Bxc4 23. dxc4 h4 24. Bc1 Bxc1 25. Rbxc1 hxg3 26. hxg3 Kg7 27. c5 Qd7
28. f4 Ng4 29. Bh3 exf4 30. Rxf4 f5 31. Rcf1 Rf8 32. Bxg4 fxg4 33. Qd5 Qxd5 34.
exd5 1-0

[Event "SV Wattenscheid 1 - SC Siegburg 1"]
[Site "Oberliga NRW 2018/2019"]
[Date "2018.12.09"]
[Round "4.8"]
[White "Kaehmann, Joerg"]
[Black "Breest, Axel"]
[Result "1-0"]
[WhiteElo "2122"]
[BlackElo "1961"]
[PlyCount "73"]
[EventDate "2018.??.??"]
[WhiteTeam "SV Wattenscheid 1"]
[BlackTeam "SC Siegburg 1"]

1. g3 g6 2. Bg2 Bg7 3. Nf3 Nf6 4. d4 d5 5. O-O O-O 6. a4 Nbd7 7. Nc3 c6 8. Re1
Re8 9. Qd3 e5 10. dxe5 Ng4 11. e6 Rxe6 12. h3 Nge5 13. Nxe5 Nxe5 14. Qd1 Nc4
15. Rb1 Qb6 16. Qd3 Ne5 17. Qd1 Nc4 18. Bd2 Qb4 19. Ne4 Qe7 20. Nc3 Qb4 21. Qc1
Nxd2 22. Qxd2 Bxc3 23. bxc3 Qf8 24. a5 Qc5 25. Rb4 f5 26. h4 Re4 27. Bxe4 fxe4
28. Rd1 Qxa5 29. Qg5 Qc7 30. h5 Bf5 31. c4 a5 32. Ra4 b5 33. cxb5 cxb5 34. Rad4
a4 35. Rxd5 a3 36. Qf6 e3 37. Rd8+ 1-0

[Event "SC Siegburg 1 - SG Bochum 1"]
[Site "Oberliga NRW 2018/2019"]
[Date "2019.01.13"]
[Round "5.1"]
[White "Friedmann, Rafael"]
[Black "Jackelen, Thomas"]
[Result "1/2-1/2"]
[WhiteElo "2417"]
[BlackElo "2372"]
[PlyCount "51"]
[EventDate "2019.??.??"]
[WhiteTeam "SG Bochum 1"]
[BlackTeam "SC Siegburg 1"]

1. Nf3 Nf6 2. c4 c6 3. b3 d5 4. Bb2 Bg4 5. e3 e6 6. h3 Bh5 7. Be2 Nbd7 8. O-O
Bd6 9. d4 O-O 10. Nbd2 Qb8 11. Nh4 Bxe2 12. Qxe2 Qd8 13. Nhf3 Qe7 14. e4 dxe4
15. Nxe4 Nxe4 16. Qxe4 Ba3 17. Bc3 Bb4 18. Qc2 Rfd8 19. Rfe1 Nf6 20. Re3 Bxc3
21. Qxc3 Qc7 22. Rd1 Rd6 23. Red3 Rad8 24. Qd2 h5 25. Qf4 Qa5 26. R3d2 1/2-1/2

[Event "SC Siegburg 1 - SG Bochum 1"]
[Site "Oberliga NRW 2018/2019"]
[Date "2019.01.13"]
[Round "5.2"]
[White "Schmidt, Bodo"]
[Black "Kotainy, Jens"]
[Result "0-1"]
[WhiteElo "2289"]
[BlackElo "2428"]
[PlyCount "106"]
[EventDate "2019.??.??"]
[WhiteTeam "SC Siegburg 1"]
[BlackTeam "SG Bochum 1"]

1. d4 e6 2. Nf3 f5 3. g3 Nf6 4. Bg2 d5 5. O-O Bd6 6. c4 O-O 7. b3 b6 8. Ba3 Ne4
9. Qc1 Ba6 10. Nbd2 c5 11. Rd1 Nd7 12. Qb2 Qe7 13. Rac1 Rac8 14. Ne5 Nxe5 15.
dxe5 Bb8 16. f3 Nxd2 17. Rxd2 dxc4 18. bxc4 Rfd8 19. f4 Rxd2 20. Qxd2 Rd8 21.
Qc3 Qd7 22. Qb3 Kf7 23. Bf3 Qd2 24. Kf2 g5 25. Rc2 Qd7 26. Bc1 g4 27. Rd2 Qe7
28. Bg2 Rxd2 29. Bxd2 Bb7 30. Qd3 Bxg2 31. Kxg2 Qb7+ 32. Kf2 Ke7 33. e4 fxe4
34. Qe2 h5 35. h3 gxh3 36. Kg1 Qd7 37. Be3 Qd3 38. Qxd3 exd3 39. Kh2 b5 40.
Kxh3 bxc4 41. Bd2 Kf7 42. Kg2 Kg6 43. Kf3 Kf5 44. Bc3 Bc7 45. Bd2 c3 46. Bxc3
c4 47. a4 a6 48. a5 Bd8 49. Bb4 h4 50. g4+ Kg6 51. Ke4 h3 52. f5+ Kf7 53. Kf3
Bg5 0-1

[Event "SC Siegburg 1 - SG Bochum 1"]
[Site "Oberliga NRW 2018/2019"]
[Date "2019.01.13"]
[Round "5.3"]
[White "Hendriks, Willy"]
[Black "Andreev, Eduard"]
[Result "0-1"]
[WhiteElo "2364"]
[BlackElo "2388"]
[PlyCount "58"]
[EventDate "2019.??.??"]
[WhiteTeam "SG Bochum 1"]
[BlackTeam "SC Siegburg 1"]

1. d4 Nf6 2. Bg5 e6 3. e4 h6 4. Bxf6 Qxf6 5. c3 d6 6. Bd3 e5 7. Ne2 g6 8. O-O
Bg7 9. f4 Qe7 10. f5 O-O 11. fxg6 fxg6 12. Qb3+ Kh7 13. Rxf8 Qxf8 14. Nd2 Nd7
15. Rf1 Nf6 16. Nf3 Qe7 17. Ng3 c6 18. h3 Be6 19. Qc2 a5 20. c4 Bg8 21. h4 h5
22. c5 Ng4 23. cxd6 Qxd6 24. Bc4 Bh6 25. Bxg8+ Rxg8 26. dxe5 Qe7 27. Qb3 Rf8
28. Re1 Bf4 29. Nf1 Qc5+ 0-1

[Event "SC Siegburg 1 - SG Bochum 1"]
[Site "Oberliga NRW 2018/2019"]
[Date "2019.01.13"]
[Round "5.7"]
[White "Wuebker, Paul-Luca"]
[Black "Kolkin, Michail"]
[Result "1/2-1/2"]
[WhiteElo "2075"]
[BlackElo "2324"]
[Annotator "Daniel"]
[PlyCount "114"]
[EventDate "2019.??.??"]
[WhiteTeam "SG Bochum 1"]
[BlackTeam "SC Siegburg 1"]

1. d4 d5 2. c4 c6 3. Nc3 Nf6 4. e3 g6 5. Nf3 Bg7 6. cxd5 Nxd5 7. Qb3 Nxc3 8.
bxc3 O-O 9. a4 Nd7 10. Ba3 Re8 11. Ng5 e6 12. Ne4 Qb6 13. Rb1 Qxb3 14. Rxb3 Bf8
15. Nd6 Bxd6 16. Bxd6 b6 17. Be2 Bb7 18. f3 Rec8 $11 19. O-O a5 20. Rfb1 Ba6
21. c4 c5 22. Rc3 f6 23. dxc5 Nxc5 24. Bxc5 bxc5 25. Rb6 Kf7 26. Rd3 Rc7 27.
Rdd6 Bc8 28. Rdc6 Rxc6 29. Rxc6 Bd7 30. Rxc5 Ke7 31. Rc7 Kd8 32. Rb7 Bxa4 33.
Rxh7 Be8 34. c5 a4 35. Bc4 a3 36. c6 Bxc6 37. Bxe6 a2 38. Bxa2 Rxa2 39. e4 Rd2
40. h4 Be8 41. Ra7 Rd7 42. Ra2 $11 Ke7 43. Kf2 Rb7 44. g4 Bf7 45. Ra3 Be6 46.
Kg3 Bd7 47. Kf4 Rb5 48. g5 Rb6 49. Ra7 Rd6 50. Ra8 Rd1 51. Ra6 fxg5+ 52. hxg5
Be8 53. Ra7+ Kf8 54. Ke5 Rb1 55. Rc7 Rb5+ 56. Kf6 Rb6+ 57. Ke5 Bf7 1/2-1/2

[Event "Klub Kölner SF 1 - SV Wattenscheid 1"]
[Site "Oberliga NRW 2018/2019"]
[Date "2019.01.13"]
[Round "5.1"]
[White "Koscielski, Janusz"]
[Black "Strohhaeker, Raoul"]
[Result "1/2-1/2"]
[WhiteElo "2281"]
[BlackElo "2416"]
[PlyCount "114"]
[EventDate "2019.??.??"]
[WhiteTeam "SV Wattenscheid 1"]
[BlackTeam "Klub Kölner SF 1"]

1. e4 c5 2. Nf3 e6 3. b3 Nc6 4. Bb2 Nf6 5. e5 Nd5 6. g3 d6 7. exd6 f6 8. Bg2
Qxd6 9. O-O e5 10. c3 Bg4 11. h3 Bh5 12. d4 cxd4 13. cxd4 e4 14. Re1 f5 15. g4
fxg4 16. Ne5 Nf6 17. Nxc6 bxc6 18. hxg4 Bxg4 19. Qd2 Bf5 20. f3 Qg3 21. Qf2 Bd6
22. Qxg3 Bxg3 23. Re2 O-O 24. fxe4 Bg4 25. Rc2 h5 26. Nd2 h4 27. Nf1 Bf4 28.
Re1 h3 29. Bh1 Bd7 30. Bc1 Ng4 31. Bxf4 Rxf4 32. Nh2 Nxh2 33. Kxh2 Raf8 34.
Ree2 g5 35. Red2 g4 36. e5 Rf1 37. Bxc6 Bxc6 38. Rxc6 R1f2+ 39. Rxf2 Rxf2+ 40.
Kg1 g3 41. Rg6+ Kf7 42. Rxg3 h2+ 43. Kh1 Rxa2 44. d5 Re2 45. e6+ Kf8 46. Rc3
Rd2 47. Rc5 Ke8 48. b4 a6 49. Rc8+ Ke7 50. Rc7+ Kd8 51. Rd7+ Ke8 52. Rd6 Ke7
53. Rd7+ Ke8 54. d6 Re2 55. Re7+ Kd8 56. Rd7+ Ke8 57. Ra7 Rxe6 1/2-1/2

[Event "Klub Kölner SF 1 - SV Wattenscheid 1"]
[Site "Oberliga NRW 2018/2019"]
[Date "2019.01.13"]
[Round "5.2"]
[White "Morawietz, Dieter"]
[Black "Thiel, Thomas"]
[Result "1-0"]
[WhiteElo "2370"]
[BlackElo "2257"]
[PlyCount "157"]
[EventDate "2019.??.??"]
[WhiteTeam "Klub Kölner SF 1"]
[BlackTeam "SV Wattenscheid 1"]

1. e4 e5 2. Nf3 Nf6 3. Nxe5 d6 4. Nf3 Nxe4 5. d4 d5 6. Bd3 Nc6 7. O-O Be7 8.
Re1 Bg4 9. c3 f5 10. Nbd2 O-O 11. Qb3 Na5 12. Qc2 Nc6 13. Qb3 Na5 14. Qa4 Nc6
15. Be2 Kh8 16. Nf1 f4 17. Bd2 Bh4 18. Nxh4 Qxh4 19. f3 Qf2+ 20. Kh1 Nxd2 21.
Nxd2 Rae8 22. Qd1 Bf5 23. Bb5 Re3 24. Re2 Rxe2 25. Qxe2 Qxe2 26. Bxe2 Re8 27.
Bf1 g5 28. Kg1 Kg7 29. Kf2 Kf6 30. Bb5 Re6 31. a4 Ne7 32. a5 a6 33. Be2 Nc8 34.
Nb3 Nd6 35. Nc5 Re7 36. g3 c6 37. gxf4 gxf4 38. Rg1 Rg7 39. Rxg7 Kxg7 40. Ke1
Kf6 41. b3 h6 42. Bf1 Ke7 43. Kd2 Kf6 44. c4 Bc8 45. Kc3 Bf5 46. Kb4 dxc4 47.
bxc4 Ke7 48. Bd3 Bh3 49. Nb3 Kd7 50. Kc5 Be6 51. d5 cxd5 52. cxd5 Bf5 53. Bf1
Bc2 54. Nd4 Bd1 55. Bh3+ Ke7 56. Bg4 Nf7 57. Bc8 Nd6 58. Be6 Ne8 59. Bf5 Nd6
60. Bd3 Nf7 61. h4 Nd6 62. Kb6 Kf6 63. Kc5 Ke5 64. Be2 Ba4 65. Ne6 Nf5 66. Nd8
Nd6 67. Bf1 Bb3 68. Bxa6 Bxd5 69. Be2 Nf5 70. Kb6 Nd4 71. Nxb7 Bxb7 72. Kxb7
Nb3 73. Kb6 Nxa5 74. Kxa5 Kd4 75. h5 Ke3 76. Bd1 Kf2 77. Kb4 Kg3 78. Kc3 Kh4
79. Kd4 1-0

[Event "Klub Kölner SF 1 - SV Wattenscheid 1"]
[Site "Oberliga NRW 2018/2019"]
[Date "2019.01.13"]
[Round "5.3"]
[White "Schiffer, Kai-Uwe"]
[Black "Helbig, Mark"]
[Result "1/2-1/2"]
[WhiteElo "2247"]
[BlackElo "2336"]
[PlyCount "114"]
[EventDate "2019.??.??"]
[WhiteTeam "SV Wattenscheid 1"]
[BlackTeam "Klub Kölner SF 1"]

1. e4 c6 2. d4 d5 3. e5 Bf5 4. h4 h5 5. Bd3 Bxd3 6. Qxd3 e6 7. Bg5 Ne7 8. Nf3
Qa5+ 9. Nbd2 Qa6 10. c4 Nf5 11. O-O Nd7 12. Qc3 Be7 13. Bxe7 Nxe7 14. Ng5 Nf5
15. Rfe1 Rd8 16. Ngf3 O-O 17. b3 Qa3 18. c5 b6 19. cxb6 axb6 20. Qxc6 Qb4 21.
a3 Nxd4 22. Nxd4 Qxd4 23. Nf3 Qc5 24. Rec1 Qxc6 25. Rxc6 Kh7 26. a4 Kg6 27. Rd6
Nc5 28. Rxb6 Rb8 29. Rxb8 Rxb8 30. a5 Nxb3 31. Rb1 Rb5 32. a6 Nd4 33. Rxb5 Nxb5
34. Nd4 Na7 35. f4 Kh7 36. Kf2 Kg8 37. f5 exf5 38. Nxf5 Kf8 39. Ke3 g6 40. Nd6
Ke7 41. Kd4 Ke6 42. Kc5 Kxe5 43. Nxf7+ Ke6 44. Kb6 Kxf7 45. Kxa7 d4 46. Kb6 d3
47. a7 d2 48. a8=Q d1=Q 49. Qb7+ Kf6 50. Qc6+ Ke5 51. Qxg6 Qd4+ 52. Kc6 Qa4+
53. Kc5 Qd4+ 54. Kc6 Qxh4 55. Qd6+ Kf5 56. Qd5+ Kg6 57. Qg8+ Kh6 1/2-1/2

[Event "Klub Kölner SF 1 - SV Wattenscheid 1"]
[Site "Oberliga NRW 2018/2019"]
[Date "2019.01.13"]
[Round "5.4"]
[White "Bayer, Ernst-Wolfgang"]
[Black "Straeter, Timo"]
[Result "1/2-1/2"]
[WhiteElo "2218"]
[BlackElo "2339"]
[PlyCount "43"]
[EventDate "2019.??.??"]
[WhiteTeam "Klub Kölner SF 1"]
[BlackTeam "SV Wattenscheid 1"]

1. d4 d5 2. Nf3 Nf6 3. c4 c6 4. Nbd2 Bf5 5. g3 e6 6. Bg2 Nbd7 7. O-O h6 8. b3
Be7 9. Bb2 Ne4 10. e3 O-O 11. Qe2 Qa5 12. Nxe4 Bxe4 13. a3 b5 14. c5 Qc7 15.
Bh3 Bf6 16. Nd2 Bg6 17. Rac1 Rfe8 18. f4 Be7 19. Nf3 Be4 20. Nd2 Bh7 21. Nf3
Be4 22. Nd2 1/2-1/2

[Event "Klub Kölner SF 1 - SV Wattenscheid 1"]
[Site "Oberliga NRW 2018/2019"]
[Date "2019.01.13"]
[Round "5.5"]
[White "Wengenroth, Walter"]
[Black "Bonnmann, Reinhard"]
[Result "1-0"]
[WhiteElo "2223"]
[BlackElo "2192"]
[PlyCount "87"]
[EventDate "2019.??.??"]
[WhiteTeam "SV Wattenscheid 1"]
[BlackTeam "Klub Kölner SF 1"]

1. e4 c5 2. Nc3 Nc6 3. Bb5 g6 4. Bxc6 bxc6 5. f4 d5 6. d3 Bg7 7. Bd2 Nh6 8. Qf3
O-O 9. h3 Rb8 10. b3 c4 11. Nge2 cxd3 12. cxd3 Ba6 13. g4 dxe4 14. dxe4 c5 15.
Rg1 Bxe2 16. Kxe2 f6 17. Rgd1 Nf7 18. Qd3 Qxd3+ 19. Kxd3 Rfd8+ 20. Ke2 f5 21.
gxf5 gxf5 22. Rac1 e5 23. Nd5 Nd6 24. Ba5 Rd7 25. Bc7 Rxc7 26. Nxc7 Nxe4 27.
Ne6 Bh6 28. Rd7 exf4 29. Rg1+ Kh8 30. Nd8 Ng3+ 31. Kf3 Bg7 32. Re1 Ne4 33. Kxf4
Nf6 34. Rd6 Ne4 35. Rdd1 Bd4 36. Nc6 Rg8 37. Nxd4 Nf2 38. Rd2 Nxh3+ 39. Kxf5
cxd4 40. Rxd4 Ng5 41. Rd7 a5 42. Rh1 a4 43. bxa4 Rg6 44. Rh5 1-0

[Event "Klub Kölner SF 1 - SV Wattenscheid 1"]
[Site "Oberliga NRW 2018/2019"]
[Date "2019.01.13"]
[Round "5.6"]
[White "Ludwig, Peter"]
[Black "Sandkamp, Ralph"]
[Result "0-1"]
[WhiteElo "2153"]
[BlackElo "2178"]
[PlyCount "130"]
[EventDate "2019.??.??"]
[WhiteTeam "Klub Kölner SF 1"]
[BlackTeam "SV Wattenscheid 1"]

1. Nf3 Nf6 2. c4 g6 3. Nc3 Bg7 4. g3 O-O 5. Bg2 d6 6. O-O Nc6 7. Rb1 d5 8. cxd5
Nxd5 9. Qb3 Nb6 10. d3 Be6 11. Qb5 h6 12. Qc5 a5 13. Bf4 a4 14. Rfc1 g5 15. Be3
Ra5 16. Qa3 f5 17. Bc5 Rf7 18. Nd2 Nd5 19. Nc4 Ra6 20. Nxd5 Bxd5 21. e4 Be6 22.
exf5 Bxf5 23. Rd1 Qd7 24. Ne3 Be6 25. d4 Bh3 26. Be4 Nd8 27. d5 b6 28. Bd4 Bxd4
29. Rxd4 Nb7 30. b4 Nd6 31. Bc2 Nb5 32. Qd3 Nxd4 33. Qxd4 Ra8 34. Qe4 Qd6 35.
g4 Raf8 36. Nf5 Rxf5 37. gxf5 Bxf5 38. Qe2 Qxd5 39. Bxa4 Qe4 40. Bb3+ Kh8 41.
Qxe4 Bxe4 42. Re1 Rf4 43. f3 Bxf3 44. Rxe7 c6 45. b5 cxb5 46. Re6 Kg7 47. Rxb6
Be2 48. Kg2 Rf6 49. Rb8 Bf3+ 50. Kg3 Bc6 51. Bd1 Rf1 52. Be2 Rg1+ 53. Kf2 Rg2+
54. Ke3 Rxh2 55. Rb6 Bd5 56. Bxb5 Rxa2 57. Bd3 Bf7 58. Rb7 Ra4 59. Be4 Ra6 60.
Bd5 Rf6 61. Be4 h5 62. Kd4 g4 63. Ke5 g3 64. Bf5 g2 65. Rb1 Rxf5+ 0-1

[Event "Klub Kölner SF 1 - SV Wattenscheid 1"]
[Site "Oberliga NRW 2018/2019"]
[Date "2019.01.13"]
[Round "5.7"]
[White "Hirsch, Stefan"]
[Black "Wisskirchen, Andreas"]
[Result "1/2-1/2"]
[WhiteElo "2125"]
[BlackElo "2202"]
[PlyCount "34"]
[EventDate "2019.??.??"]
[WhiteTeam "SV Wattenscheid 1"]
[BlackTeam "Klub Kölner SF 1"]

1. e4 c5 2. Nf3 d6 3. Bb5+ Bd7 4. Bxd7+ Qxd7 5. O-O Nc6 6. c4 g6 7. Nc3 Bg7 8.
a3 e6 9. Rb1 Nge7 10. b4 O-O 11. Qb3 b6 12. Bb2 Rab8 13. d3 h6 14. Rfc1 Kh7 15.
Ne2 Bxb2 16. Qxb2 e5 17. Nd2 Qg4 1/2-1/2

[Event "Klub Kölner SF 1 - SV Wattenscheid 1"]
[Site "Oberliga NRW 2018/2019"]
[Date "2019.01.13"]
[Round "5.8"]
[White "Schmidt, Martin"]
[Black "Schlehoefer, Ralf"]
[Result "1/2-1/2"]
[WhiteElo "2204"]
[BlackElo "2195"]
[PlyCount "90"]
[EventDate "2019.??.??"]
[WhiteTeam "Klub Kölner SF 1"]
[BlackTeam "SV Wattenscheid 1"]

1. e4 e5 2. Nc3 Nc6 3. Bc4 Nf6 4. d3 Na5 5. Nge2 Nxc4 6. dxc4 g6 7. b3 Bg7 8.
Ba3 d6 9. c5 Bf8 10. cxd6 Bxd6 11. Bxd6 Qxd6 12. Qxd6 cxd6 13. Nb5 Ke7 14. Nc7
Rb8 15. Nc3 Be6 16. O-O-O Rhc8 17. N7d5+ Nxd5 18. Nxd5+ Kf8 19. Kb2 b5 20. Ne3
Rc6 21. g4 Rbc8 22. Rd2 Ke7 23. Rc1 Kf6 24. h4 Ke7 25. Ra1 a5 26. Rd3 f6 27. c3
a4 28. f3 Ra6 29. Nd5+ Bxd5 30. Rxd5 axb3 31. Kxb3 Rac6 32. Rc1 Rb6 33. Kb4 Ra8
34. Rc2 Ra4+ 35. Kb3 Ra7 36. Rb2 Ke6 37. Kc2 f5 38. gxf5+ gxf5 39. Kd3 fxe4+
40. fxe4 Rg7 41. Rbxb5 Rg3+ 42. Kc2 Ra6 43. Rb7 Rxa2+ 44. Kb3 Re2 45. Rxh7 Rxe4
1/2-1/2

[Event "SV Dinslaken 1 - SV Erkenschwick 1"]
[Site "Oberliga NRW 2018/2019"]
[Date "2019.01.13"]
[Round "5.1"]
[White "De Vreugt, Dennis"]
[Black "Sielecki, Christof"]
[Result "1/2-1/2"]
[WhiteElo "2398"]
[BlackElo "2410"]
[PlyCount "62"]
[EventDate "2019.??.??"]
[WhiteTeam "SV Erkenschwick 1"]
[BlackTeam "SV Dinslaken 1"]

1. e4 e5 2. Nf3 Nc6 3. Bb5 a6 4. Ba4 Nf6 5. O-O Be7 6. Re1 b5 7. Bb3 d6 8. c3
O-O 9. h3 Na5 10. Bc2 c5 11. d4 Qc7 12. Nbd2 Nc6 13. d5 Nd8 14. Nf1 Ne8 15.
N3h2 f6 16. Ng4 Nf7 17. a4 Rb8 18. axb5 axb5 19. b4 c4 20. Be3 Bd7 21. Qf3 Qc8
22. Ba7 Ra8 23. Ra3 Nc7 24. Rea1 Qb7 25. Nge3 g6 26. Qg3 Ne8 27. Bd1 Ng7 28. f4
exf4 29. Qxf4 Ne5 30. Bd4 Rxa3 31. Rxa3 Ra8 1/2-1/2

[Event "SV Dinslaken 1 - SV Erkenschwick 1"]
[Site "Oberliga NRW 2018/2019"]
[Date "2019.01.13"]
[Round "5.2"]
[White "Strijbos, Maarten"]
[Black "Erwich, Frank"]
[Result "1/2-1/2"]
[WhiteElo "2329"]
[BlackElo "2324"]
[PlyCount "44"]
[EventDate "2019.??.??"]
[WhiteTeam "SV Dinslaken 1"]
[BlackTeam "SV Erkenschwick 1"]

1. Nf3 Nf6 2. g3 b6 3. Bg2 Bb7 4. O-O g6 5. d4 Bg7 6. c3 O-O 7. Bf4 d6 8. Nbd2
Nbd7 9. Qc2 Qe8 10. Rfe1 Nd5 11. Bg5 h6 12. e4 N5f6 13. Bxf6 Nxf6 14. e5 Nh7
15. h4 dxe5 16. dxe5 Rd8 17. Ne4 Qd7 18. e6 Qd3 19. Qxd3 Rxd3 20. exf7+ Rxf7
21. Nfd2 e6 22. Nf1 Bf8 1/2-1/2

[Event "SV Dinslaken 1 - SV Erkenschwick 1"]
[Site "Oberliga NRW 2018/2019"]
[Date "2019.01.13"]
[Round "5.3"]
[White "Van Beek, Alexander"]
[Black "Welzel, Philipp"]
[Result "0-1"]
[WhiteElo "2269"]
[BlackElo "2214"]
[Annotator "Daniel"]
[PlyCount "98"]
[EventDate "2019.??.??"]
[WhiteTeam "SV Erkenschwick 1"]
[BlackTeam "SV Dinslaken 1"]

1. e4 e5 2. Nf3 Nc6 3. Bc4 Bc5 4. O-O Nf6 5. d3 d6 6. c3 a6 7. Bb3 Ba7 8. Nbd2
h6 9. Re1 O-O 10. h3 Re8 11. Nf1 Be6 12. Be3 Bxe3 13. Nxe3 Qd7 14. Bxe6 Qxe6
15. c4 Nd8 16. d4 c6 17. d5 Qd7 18. c5 cxd5 19. Nxd5 Nxd5 20. Qxd5 Nc6 21. Rad1
Re6 22. Rd2 Rd8 23. Red1 Qc7 24. Qc4 dxc5 $11 25. Qxc5 Rxd2 26. Rxd2 Qe7 27.
Qxe7 Rxe7 28. Kf1 Kf8 29. Ke2 Ke8 30. a3 Rd7 31. Rd5 f6 32. Kd3 Rxd5+ 33. exd5
Ne7 34. Kc4 Kd7 35. Kc5 Nc8 36. Nh4 b6+ 37. Kc4 Ne7 38. a4 Kd6 39. g4 g5 40.
Nf5+ Nxf5 41. gxf5 h5 42. f3 h4 43. Kd3 Kxd5 44. b3 e4+ 45. fxe4+ Ke5 46. Ke3
a5 47. Kd3 g4 48. hxg4 h3 49. g5 fxg5 0-1

[Event "SV Dinslaken 1 - SV Erkenschwick 1"]
[Site "Oberliga NRW 2018/2019"]
[Date "2019.01.13"]
[Round "5.4"]
[White "Mundorf, Johannes"]
[Black "Langers, Alexander"]
[Result "1/2-1/2"]
[WhiteElo "2169"]
[BlackElo "2206"]
[PlyCount "24"]
[EventDate "2019.??.??"]
[WhiteTeam "SV Dinslaken 1"]
[BlackTeam "SV Erkenschwick 1"]

1. Nf3 c5 2. g3 g6 3. Bg2 Bg7 4. c4 Nf6 5. Nc3 O-O 6. d4 d6 7. O-O Nc6 8. dxc5
dxc5 9. Be3 Qa5 10. Qa4 Qxa4 11. Nxa4 b6 12. Rad1 Ba6 1/2-1/2

[Event "SV Dinslaken 1 - SV Erkenschwick 1"]
[Site "Oberliga NRW 2018/2019"]
[Date "2019.01.13"]
[Round "5.5"]
[White "Krings, Christoph"]
[Black "Ossig, Rainer"]
[Result "1-0"]
[WhiteElo "2157"]
[BlackElo "2159"]
[Annotator "Daniel"]
[PlyCount "83"]
[EventDate "2019.??.??"]
[WhiteTeam "SV Erkenschwick 1"]
[BlackTeam "SV Dinslaken 1"]

1. d4 e6 2. Nf3 f5 3. c4 Nf6 4. g3 d5 5. Bg2 Bd6 6. Bf4 O-O 7. O-O h6 8. Bxd6
cxd6 9. cxd5 Nxd5 10. e3 Nc6 11. Nc3 Nxc3 12. bxc3 Na5 13. Nd2 Bd7 14. c4 Rc8
15. Rc1 Qe7 16. f4 Bc6 17. Re1 Bxg2 18. Kxg2 e5 19. Qa4 b6 20. Nf3 e4 21. Nd2
Qf7 22. Rc3 Rc7 23. Rec1 Rfc8 24. Qb4 Qh5 25. Rf1 Rc6 26. Qb5 Qf7 27. Rfc1 d5
$11 28. c5 Nb7 29. Qb4 a5 30. Qb5 bxc5 31. dxc5 Qc7 32. Nb3 Rb8 33. Nd4 Rf6 34.
c6 Nd6 35. Qxd5+ Kh8 36. Rb3 Rd8 37. Ne6 Qf7 38. c7 Rd7 39. c8=Q+ Nxc8 40.
Rxc8+ Kh7 41. Nf8+ Qxf8 42. Qxd7 1-0

[Event "SV Dinslaken 1 - SV Erkenschwick 1"]
[Site "Oberliga NRW 2018/2019"]
[Date "2019.01.13"]
[Round "5.6"]
[White "Borchert, Rene"]
[Black "Van Zutphen, Jimmy"]
[Result "1-0"]
[WhiteElo "2139"]
[BlackElo "2182"]
[PlyCount "159"]
[EventDate "2019.??.??"]
[WhiteTeam "SV Dinslaken 1"]
[BlackTeam "SV Erkenschwick 1"]

1. e4 c5 2. c3 d6 3. d4 Nf6 4. dxc5 Nc6 5. Qc2 dxc5 6. Nf3 e5 7. Bb5 Qc7 8. O-O
Be7 9. Bg5 O-O 10. Bxc6 bxc6 11. Nbd2 Be6 12. h3 Rfd8 13. Rfe1 h6 14. Be3 Nh5
15. c4 f6 16. Nb3 Qb6 17. Nh4 Nf4 18. Bxf4 exf4 19. e5 fxe5 20. Rxe5 Bxh4 21.
Rxe6 Qc7 22. Qe4 Qf7 23. Re1 Bf6 24. Nxc5 Bxb2 25. Nb3 a5 26. Re2 Bc3 27. Qf3
Bf6 28. Rxc6 a4 29. Nd2 Rab8 30. Ne4 Rd1+ 31. Kh2 Be5 32. Rd2 Re1 33. Rd1 Rxd1
34. Qxd1 f3+ 35. g3 Rb2 36. Qd3 Rb8 37. Nd2 Qa7 38. c5 Bf6 39. Nxf3 Qe7 40. Kg2
Qf7 41. Qc2 a3 42. Ra6 Qd5 43. c6 Rc8 44. c7 Qb7 45. Rc6 Kh8 46. Kg1 Kg8 47. h4
Kh8 48. h5 Kg8 49. Rxf6 gxf6 50. Qg6+ Kf8 51. Qxf6+ Ke8 52. Qe6+ Kf8 53. Qxh6+
Ke7 54. Qe3+ Kd7 55. Qxa3 Rxc7 56. Qd3+ Kc8 57. Qf5+ Kb8 58. Qf8+ Ka7 59. Qa3+
Kb8 60. Qb3 Qxb3 61. axb3 Kc8 62. Kg2 Kd7 63. g4 Ke6 64. Kg3 Kf6 65. Nd2 Kg7
66. Ne4 Rb7 67. g5 Rxb3+ 68. f3 Rb1 69. f4 Rg1+ 70. Kf3 Re1 71. Nf6 Ra1 72. Kg4
Ra4 73. Nd7 Rb4 74. Kf5 Rb5+ 75. Ne5 Rb6 76. g6 Kh6 77. Kg4 Rb1 78. Nf7+ Kg7
79. Kg5 Rg1+ 80. Kf5 1-0